000 00524nam a22001817a 4500
005 20130624122517.0
010 _aENG-107714
020 _a9788192543154
_c310.00
035 _aEN-91247
037 _bDBAD/PUB
100 _aFiske, Robert Hartwell
245 _aThe dimwit's dictionary /
_cby Robert Hartwell Fiske
250 _a3rd ed
260 _aUttar Pradesh
_beVookz
_c2010
270 _a10,Parshawanath Edens,Sector,Alpha-11,Greater Noida
_bUttar Pradesh
300 _axiii,348p. :
_c23cm(Hb)
942 _2ddc
_cEN
_mFIS
999 _c76889
_d76889